[Event "Eliminacje Miedzywojewodzkie MA-WM C13"]
[Site "Brok"]
[Date "2022.09.16"]
[Round "8.4"]
[White "Rajlich, Vaclav"]
[Black "Dobosiewicz, Dawid"]
[Result "1-0"]
[BlackElo "1730"]
[WhiteElo "1289"]
[LiveChessVersion "1.4.8"]

1. e4 {[%clk 1:30:59]} c5 {[%clk 1:30:50]} 2. Nf3 {[%clk 1:31:12]} e6
{[%clk 1:31:01]} 3. d4 {[%clk 1:31:27]} cxd4 {[%clk 1:31:27]} 4. Nxd4
{[%clk 1:31:52]} Nc6 {[%clk 1:31:51]} 5. Be3 {[%clk 1:29:32]} a6 {[%clk 1:31:47]}
6. Nc3 {[%clk 1:28:02]} Qc7 {[%clk 1:31:44]} 7. g3 {[%clk 1:22:15]} Nf6
{[%clk 1:29:54]} 8. Bg2 {[%clk 1:21:15]} Be7 {[%clk 1:29:02]} 9. a4
{[%clk 1:19:32]} d6 {[%clk 1:28:10]} 10. O-O {[%clk 1:18:32]} Ne5
{[%clk 1:22:36]} 11. Nce2 {[%clk 1:10:07]} Nc4 {[%clk 1:21:10]} 12. Bc1
{[%clk 1:10:04]} e5 {[%clk 1:20:37]} 13. b3 {[%clk 1:06:52]} Na5 {[%clk 1:16:19]}
14. Nf5 {[%clk 1:05:07]} Bxf5 {[%clk 1:16:25]} 15. exf5 {[%clk 1:05:32]} Nc6
{[%clk 1:14:17]} 16. Ba3 {[%clk 1:03:39]} O-O {[%clk 1:12:57]} 17. c4
{[%clk 0:59:22]} Rfd8 {[%clk 1:10:48]} 18. Nc3 {[%clk 0:56:58]} Qa5
{[%clk 1:07:09]} 19. Nd5 {[%clk 0:54:12]} Nxd5 {[%clk 1:06:45]} 20. Bxd5
{[%clk 0:53:07]} Bf6 {[%clk 1:04:00]} 21. Qh5 {[%clk 0:51:11]} Qc7
{[%clk 1:02:37]} 22. Kh1 Rf8 {[%clk 0:54:10]} 23. g4 {[%clk 0:45:11]} h6
{[%clk 0:54:27]} 24. Rad1 {[%clk 0:44:45]} Rad8 {[%clk 0:54:08]} 25. h4 Qb6
{[%clk 0:46:28]} 26. g5 {[%clk 0:39:34]} Qxb3 {[%clk 0:46:14]} 27. Qg4
{[%clk 0:37:46]} h5 {[%clk 0:45:26]} 28. Qg2 {[%clk 0:37:03]} Be7
{[%clk 0:44:08]} 29. Bc1 {[%clk 0:32:18]} Rd7 {[%clk 0:42:34]} 30. Rg1
{[%clk 0:30:43]} Nd4 {[%clk 0:39:37]} 31. f6 {[%clk 0:29:32]} Bd8
{[%clk 0:39:57]} 32. fxg7 {[%clk 0:29:34]} Kxg7 {[%clk 0:40:14]} 33. g6
{[%clk 0:29:10]} f5 {[%clk 0:37:50]} 34. Bh6+ {[%clk 0:27:12]} 1-0

[Event "Eliminacje Miedzywojewodzkie MA-WM C13"]
[Site "Brok"]
[Date "2022.09.16"]
[Round "8.5"]
[White "Przybylski, Jan"]
[Black "Kowalski, Witold"]
[Result "1-0"]
[BlackElo "1525"]
[WhiteElo "1704"]
[LiveChessVersion "1.4.8"]

1. e4 {[%clk 1:30:55]} c5 {[%clk 1:30:56]} 2. Nf3 {[%clk 1:31:20]} d6
{[%clk 1:31:21]} 3. d4 {[%clk 1:31:41]} cxd4 {[%clk 1:31:49]} 4. Nxd4
{[%clk 1:32:04]} Nf6 {[%clk 1:32:13]} 5. Nc3 {[%clk 1:32:27]} e6 {[%clk 1:32:28]}
6. Be3 {[%clk 1:30:02]} Be7 {[%clk 1:31:38]} 7. f4 {[%clk 1:27:38]} Nc6
{[%clk 1:23:59]} 8. Qf3 {[%clk 1:20:21]} e5 {[%clk 1:17:08]} 9. Nxc6
{[%clk 1:18:59]} bxc6 {[%clk 1:17:30]} 10. fxe5 {[%clk 1:19:24]} dxe5
{[%clk 1:16:45]} 11. Bc4 {[%clk 1:15:56]} O-O {[%clk 1:09:14]} 12. h3
{[%clk 1:14:56]} Rb8 {[%clk 0:53:13]} 13. O-O {[%clk 1:12:08]} a5
{[%clk 0:40:35]} 14. b3 {[%clk 1:08:27]} Qc7 {[%clk 0:36:16]} 15. Na4
{[%clk 0:58:20]} Kh8 {[%clk 0:28:48]} 16. Rad1 {[%clk 0:55:02]} Be6
{[%clk 0:15:52]} 17. Bxe6 {[%clk 0:54:16]} fxe6 {[%clk 0:16:14]} 18. Bf2
{[%clk 0:34:49]} Nd5 {[%clk 0:03:20]} 19. Qd3 {[%clk 0:33:32]} Nf4
{[%clk 0:02:05]} 20. Qd7 {[%clk 0:33:30]} Qxd7 {[%clk 0:00:35]} 21. Rxd7
{[%clk 0:33:46]} Rfe8 {[%clk 0:00:43]} 22. Be3 {[%clk 0:32:56]} Nh5
{[%clk 0:00:36]} 23. Rf7 {[%clk 0:31:18]} Bf8 {[%clk 0:00:40]} 24. Ra7
{[%clk 0:30:49]} Ra8 {[%clk 0:00:39]} 25. Kf2 {[%clk 0:30:18]} Nf6
{[%clk 0:00:35]} 26. Kf3 {[%clk 0:30:17]} Bd6 {[%clk 0:00:38]} 27. Bc5
{[%clk 0:30:01]} Bxc5 {[%clk 0:00:34]} 28. Nxc5 {[%clk 0:30:30]} Rxa7
{[%clk 0:00:32]} 29. Rxa7 {[%clk 0:29:06]} g6 {[%clk 0:00:34]} 30. Rxa5
{[%clk 0:27:35]} Kg8 {[%clk 0:00:36]} 31. Ra7 {[%clk 0:27:11]} Nh5
{[%clk 0:00:39]} 32. g3 {[%clk 0:27:17]} Rf8+ {[%clk 0:00:42]} 33. Kg2
{[%clk 0:27:34]} Ng7 {[%clk 0:00:43]} 34. Rxg7+ {[%clk 0:27:54]} Kxg7
{[%clk 0:00:54]} 35. Nxe6+ {[%clk 0:28:18]} Kf7 {[%clk 0:01:16]} 36. Nxf8
{[%clk 0:28:38]} Kxf8 {[%clk 0:01:42]} 37. a4 {[%clk 0:29:08]} Ke7
{[%clk 0:02:02]} 38. Kf3 {[%clk 0:29:27]} Kd6 {[%clk 0:02:20]} 39. Ke3
{[%clk 0:29:52]} h6 {[%clk 0:02:41]} 40. Kd3 {[%clk 0:30:16]} 1-0

[Event "Eliminacje Miedzywojewodzkie MA-WM C13"]
[Site "Brok"]
[Date "2022.09.16"]
[Round "8.6"]
[White "Rzap, Filip"]
[Black "Klim, Juliusz"]
[Result "1/2-1/2"]
[BlackElo "1471"]
[WhiteElo "1391"]
[LiveChessVersion "1.4.8"]

1. d4 {[%clk 1:30:57]} d5 {[%clk 1:30:56]} 2. c4 {[%clk 1:31:22]} e6
{[%clk 1:31:23]} 3. Nc3 {[%clk 1:31:47]} a6 {[%clk 1:31:49]} 4. cxd5
{[%clk 1:30:54]} exd5 {[%clk 1:32:18]} 5. Nf3 {[%clk 1:31:02]} Nf6
{[%clk 1:32:46]} 6. Bg5 {[%clk 1:30:25]} Be6 {[%clk 1:33:13]} 7. e3
{[%clk 1:29:42]} Nbd7 {[%clk 1:33:38]} 8. Bd3 {[%clk 1:29:16]} Bd6
{[%clk 1:34:01]} 9. Qc2 {[%clk 1:28:48]} h6 {[%clk 1:31:32]} 10. Bh4
{[%clk 1:29:02]} c6 {[%clk 1:30:04]} 11. a4 {[%clk 1:27:05]} O-O {[%clk 1:29:24]}
12. Rb1 {[%clk 1:24:51]} Qc7 {[%clk 1:26:39]} 13. b4 {[%clk 1:21:48]} b5
{[%clk 1:17:56]} 14. a5 {[%clk 1:21:00]} Bg4 {[%clk 1:10:49]} 15. Bg3
{[%clk 1:18:59]} Bxf3 {[%clk 1:07:50]} 16. gxf3 {[%clk 1:19:17]} Rac8
{[%clk 1:06:08]} 17. O-O {[%clk 1:16:52]} Bxg3 {[%clk 1:03:57]} 18. hxg3
{[%clk 1:16:31]} Ne8 {[%clk 1:00:42]} 19. Kg2 {[%clk 1:15:23]} Nd6
{[%clk 0:57:03]} 20. Rh1 {[%clk 1:14:40]} Qd8 {[%clk 0:54:59]} 21. Rh4
{[%clk 1:09:21]} f5 {[%clk 0:51:21]} 22. Rbh1 {[%clk 1:08:03]} Qf6
{[%clk 0:47:12]} 23. Ne2 {[%clk 1:03:07]} Rf7 {[%clk 0:37:39]} 24. Rh5
{[%clk 0:59:55]} Nf8 {[%clk 0:36:08]} 25. Nc1 {[%clk 0:48:07]} Ne6
{[%clk 0:32:34]} 26. Ne2 {[%clk 0:43:57]} Ng5 {[%clk 0:29:00]} 27. Nf4
{[%clk 0:42:03]} Ne6 {[%clk 0:26:22]} 28. Ne2 {[%clk 0:42:27]} Kf8
{[%clk 0:22:59]} 29. Kf1 {[%clk 0:36:27]} Ke8 {[%clk 0:19:41]} 30. Ke1
{[%clk 0:34:26]} Kd7 {[%clk 0:18:53]} 31. f4 {[%clk 0:32:24]} Kc7
{[%clk 0:18:07]} 32. Kd1 {[%clk 0:32:23]} Kb7 {[%clk 0:15:49]} 33. Kc1
{[%clk 0:32:02]} Ne4 {[%clk 0:13:54]} 34. Bxe4 {[%clk 0:31:28]} dxe4
{[%clk 0:13:58]} 35. Kb1 {[%clk 0:28:34]} Nc7 {[%clk 0:12:19]} 36. Ka2
{[%clk 0:23:41]} Nd5 {[%clk 0:11:51]} 37. Ka3 {[%clk 0:23:40]} Rfc7
{[%clk 0:10:27]} 38. Qc5 {[%clk 0:20:42]} Rf8 {[%clk 0:07:38]} 1/2-1/2

[Event "Eliminacje Miedzywojewodzkie MA-WM C13"]
[Site "Brok"]
[Date "2022.09.16"]
[Round "8.7"]
[White "Fil, Grzegorz"]
[Black "Kryston, Aleksander"]
[Result "1/2-1/2"]
[BlackElo "1281"]
[WhiteElo "1122"]
[LiveChessVersion "1.4.8"]

1. e4 {[%clk 1:30:57]} c5 {[%clk 1:30:52]} 2. Nf3 {[%clk 1:31:24]} d6
{[%clk 1:31:11]} 3. d4 {[%clk 1:31:48]} cxd4 {[%clk 1:31:34]} 4. Nxd4
{[%clk 1:32:14]} Nf6 {[%clk 1:31:51]} 5. Nc3 {[%clk 1:32:39]} a6 {[%clk 1:32:14]}
6. a4 {[%clk 1:32:32]} e6 {[%clk 1:32:35]} 7. Be3 {[%clk 1:32:41]} Be7
{[%clk 1:32:45]} 8. Be2 {[%clk 1:31:44]} O-O {[%clk 1:32:08]} 9. O-O
{[%clk 1:31:29]} Nc6 {[%clk 1:31:01]} 10. Nb3 {[%clk 1:29:14]} b6
{[%clk 1:16:57]} 11. f4 {[%clk 1:27:28]} Qc7 {[%clk 1:14:49]} 12. Bf3
{[%clk 1:26:16]} Bb7 {[%clk 1:13:05]} 13. Qe1 {[%clk 1:21:45]} Bc8
{[%clk 1:04:46]} 14. e5 {[%clk 1:10:12]} Ne8 {[%clk 0:55:42]} 15. Qg3
{[%clk 0:58:46]} d5 {[%clk 0:52:30]} 16. Be2 {[%clk 0:54:56]} g6 {[%clk 0:50:07]}
17. Nd4 {[%clk 0:53:49]} Nxd4 {[%clk 0:47:53]} 18. Bxd4 {[%clk 0:54:11]} Ng7
{[%clk 0:46:06]} 19. Bd3 {[%clk 0:52:33]} Bc5 {[%clk 0:43:24]} 20. Qe3
{[%clk 0:50:44]} Bxd4 {[%clk 0:40:36]} 21. Qxd4 {[%clk 0:50:30]} Qc5
{[%clk 0:38:52]} 22. Ne2 {[%clk 0:49:22]} Bd7 {[%clk 0:35:42]} 23. b4
{[%clk 0:47:37]} Qxd4+ {[%clk 0:35:02]} 24. Nxd4 {[%clk 0:48:00]} Ne8
{[%clk 0:31:56]} 25. b5 {[%clk 0:43:34]} a5 {[%clk 0:31:12]} 26. Rab1
{[%clk 0:43:02]} Ng7 {[%clk 0:27:51]} 27. g4 {[%clk 0:43:13]} Rac8
{[%clk 0:24:37]} 28. Rb3 {[%clk 0:40:00]} Rc7 {[%clk 0:23:49]} 29. Ra1
{[%clk 0:39:48]} Rfc8 {[%clk 0:22:57]} 30. Kf2 {[%clk 0:39:48]} Rc3
{[%clk 0:22:07]} 1/2-1/2

[Event "Eliminacje Miedzywojewodzkie MA-WM C13"]
[Site "Brok"]
[Date "2022.09.16"]
[Round "8.8"]
[White "Baranowski, Jan"]
[Black "Dunalski, Szymon"]
[Result "0-1"]
[BlackElo "1016"]
[WhiteElo "1216"]
[LiveChessVersion "1.4.8"]

1. e4 {[%clk 1:30:42]} e5 {[%clk 1:30:11]} 2. Nf3 {[%clk 1:31:03]} Nc6
{[%clk 1:30:30]} 3. d4 {[%clk 1:31:31]} exd4 {[%clk 1:30:39]} 4. Nxd4
{[%clk 1:31:23]} Bc5 {[%clk 1:30:52]} 5. Be3 {[%clk 1:31:40]} Bb6
{[%clk 1:29:46]} 6. Bc4 {[%clk 1:30:44]} Nge7 {[%clk 1:28:51]} 7. O-O
{[%clk 1:30:22]} O-O {[%clk 1:29:09]} 8. Nc3 {[%clk 1:30:14]} d6 {[%clk 1:27:53]}
9. Kh1 {[%clk 1:24:39]} Ng6 {[%clk 1:23:21]} 10. f4 {[%clk 1:18:41]} Kh8
{[%clk 1:20:00]} 11. f5 {[%clk 1:12:37]} Nge5 {[%clk 1:19:40]} 12. Bb3
{[%clk 1:12:55]} Qh4 {[%clk 1:15:24]} 13. Rf4 {[%clk 1:11:06]} Qd8
{[%clk 1:14:15]} 14. Nxc6 {[%clk 0:59:24]} bxc6 {[%clk 1:12:18]} 15. Qh5
{[%clk 0:58:51]} Bxe3 {[%clk 1:01:22]} 16. Rh4 {[%clk 0:59:15]} h6
{[%clk 1:01:17]} 17. Rf1 {[%clk 0:43:51]} Bg5 {[%clk 1:00:00]} 18. Rh3
{[%clk 0:44:11]} Ba6 {[%clk 0:59:00]} 19. Rf2 {[%clk 0:43:10]} Qf6
{[%clk 0:57:46]} 20. Ba4 {[%clk 0:40:58]} Rab8 {[%clk 0:51:27]} 21. g4 g6 0-1

[Event "Eliminacje Miedzywojewodzkie MA-WM C13"]
[Site "Brok"]
[Date "2022.09.16"]
[Round "9.1"]
[White "Bartodziej, Bartosz"]
[Black "Nocek, Dominik"]
[Result "1-0"]
[BlackElo "1627"]
[WhiteElo "1940"]
[LiveChessVersion "1.4.8"]

1. e4 {[%clk 1:28:26]} e5 {[%clk 1:30:58]} 2. Nf3 {[%clk 1:28:40]} Nc6
{[%clk 1:31:25]} 3. Bc4 {[%clk 1:28:43]} Nf6 {[%clk 1:31:46]} 4. d3
{[%clk 1:28:56]} Bc5 {[%clk 1:32:05]} 5. c3 {[%clk 1:29:06]} a6 {[%clk 1:32:16]}
6. Bb3 {[%clk 1:29:22]} Ba7 {[%clk 1:32:06]} 7. Nbd2 {[%clk 1:29:46]} h6
{[%clk 1:32:26]} 8. h3 {[%clk 1:29:52]} d6 {[%clk 1:32:44]} 9. Nf1
{[%clk 1:29:50]} d5 {[%clk 1:33:01]} 10. Qe2 {[%clk 1:30:03]} Be6
{[%clk 1:33:19]} 11. Ng3 {[%clk 1:29:38]} O-O {[%clk 1:33:05]} 12. O-O
{[%clk 1:30:01]} Re8 {[%clk 1:33:05]} 13. Rd1 {[%clk 1:29:39]} Qd6
{[%clk 1:30:44]} 14. Nh4 {[%clk 1:04:51]} Rad8 {[%clk 1:08:37]} 15. Qf3
{[%clk 0:52:36]} Nh7 {[%clk 0:39:28]} 16. Nhf5 {[%clk 0:48:53]} dxe4
{[%clk 0:26:55]} 17. Nxd6 {[%clk 0:38:31]} exf3 {[%clk 0:27:17]} 18. Nxe8
{[%clk 0:38:56]} Bxb3 {[%clk 0:26:49]} 19. axb3 {[%clk 0:39:15]} Rxe8
{[%clk 0:27:11]} 20. gxf3 {[%clk 0:38:38]} Ng5 {[%clk 0:25:14]} 21. Bxg5
{[%clk 0:35:41]} hxg5 {[%clk 0:25:41]} 22. b4 {[%clk 0:30:19]} Bb6
{[%clk 0:22:35]} 23. Re1 {[%clk 0:27:10]} Rd8 {[%clk 0:19:29]} 24. Rad1
{[%clk 0:27:33]} f6 {[%clk 0:17:55]} 25. Nf5 {[%clk 0:25:45]} Kf7
{[%clk 0:11:07]} 26. Ne3 {[%clk 0:25:11]} Ba7 {[%clk 0:09:45]} 27. Rd2
{[%clk 0:21:56]} Kg6 {[%clk 0:08:37]} 28. Ra1 {[%clk 0:20:57]} Rd7
{[%clk 0:06:09]} 29. Kg2 {[%clk 0:17:53]} Rd8 {[%clk 0:05:15]} 30. Nc4
{[%clk 0:16:44]} Kf5 {[%clk 0:04:15]} 31. Na5 {[%clk 0:16:52]} Nxa5
{[%clk 0:03:44]} 32. Rxa5 {[%clk 0:17:17]} Bb6 {[%clk 0:04:04]} 33. Ra1
{[%clk 0:17:20]} g6 {[%clk 0:03:39]} 34. Re1 {[%clk 0:17:28]} Rd7
{[%clk 0:03:12]} 35. Rh1 {[%clk 0:14:56]} Rh7 {[%clk 0:03:15]} 36. Kf1
{[%clk 0:14:08]} Rh4 {[%clk 0:03:21]} 37. Re2 {[%clk 0:14:06]} Rh7
{[%clk 0:03:12]} 38. Re4 {[%clk 0:13:20]} Rd7 {[%clk 0:03:18]} 39. Ke2
{[%clk 0:13:29]} Rd5 {[%clk 0:02:13]} 40. h4 {[%clk 0:13:32]} gxh4
{[%clk 0:02:27]} 41. Rexh4 {[%clk 0:13:47]} Rb5 {[%clk 0:02:07]} 42. b3
{[%clk 0:12:36]} a5 {[%clk 0:01:28]} 43. bxa5 {[%clk 0:12:49]} Rxa5
{[%clk 0:01:40]} 44. Ra4 {[%clk 0:13:12]} Rb5 {[%clk 0:01:28]} 45. b4
{[%clk 0:13:03]} c5 {[%clk 0:01:10]} 46. Rb1 {[%clk 0:12:56]} Bc7
{[%clk 0:01:04]} 47. c4 {[%clk 0:11:46]} Rxb4 {[%clk 0:01:18]} 48. Raxb4
{[%clk 0:12:14]} cxb4 {[%clk 0:01:45]} 49. Rxb4 {[%clk 0:12:37]} b6
{[%clk 0:01:58]} 50. Rb5 {[%clk 0:12:16]} Ke6 {[%clk 0:01:42]} 51. Ke3
{[%clk 0:12:20]} Kd6 {[%clk 0:01:18]} 52. f4 {[%clk 0:12:33]} Kc6
{[%clk 0:00:50]} 53. fxe5 {[%clk 0:12:56]} fxe5 {[%clk 0:01:09]} 54. Ke4
{[%clk 0:13:15]} Bd6 {[%clk 0:01:07]} 55. Rxe5 {[%clk 0:12:41]} Bxe5
{[%clk 0:01:28]} 56. Kxe5 {[%clk 0:13:08]} Kc5 {[%clk 0:01:52]} 57. f4
{[%clk 0:13:07]} Kb4 {[%clk 0:01:46]} 58. Kf6 {[%clk 0:13:26]} Kc3
{[%clk 0:02:06]} 59. Kxg6 {[%clk 0:13:52]} 1-0

[Event "Eliminacje Miedzywojewodzkie MA-WM C13"]
[Site "Brok"]
[Date "2022.09.16"]
[Round "9.2"]
[White "Olszewski, Antoni"]
[Black "Krogulski, Maksymilian"]
[Result "1-0"]
[BlackElo "1559"]
[WhiteElo "1351"]
[LiveChessVersion "1.4.8"]

1. e4 {[%clk 1:28:31]} c5 {[%clk 1:31:00]} 2. Nf3 {[%clk 1:28:51]} Nc6
{[%clk 1:31:12]} 3. d4 {[%clk 1:29:14]} cxd4 {[%clk 1:31:15]} 4. Nxd4
{[%clk 1:29:39]} Qb6 {[%clk 1:31:39]} 5. Nb3 {[%clk 1:29:55]} Nf6
{[%clk 1:31:35]} 6. Nc3 {[%clk 1:30:05]} e6 {[%clk 1:31:40]} 7. Be3
{[%clk 1:30:19]} Qc7 {[%clk 1:32:08]} 8. a3 {[%clk 1:30:43]} Be7 {[%clk 1:32:18]}
9. f4 {[%clk 1:30:07]} d6 {[%clk 1:30:59]} 10. Qf3 {[%clk 1:30:12]} a6
{[%clk 1:31:00]} 11. g4 {[%clk 1:30:10]} b5 {[%clk 1:30:03]} 12. g5
{[%clk 1:30:11]} Nd7 {[%clk 1:30:31]} 13. O-O-O {[%clk 1:30:29]} Bb7
{[%clk 1:30:42]} 14. Rg1 {[%clk 1:29:39]} Rc8 {[%clk 1:28:45]} 15. Qh3
{[%clk 1:27:38]} g6 {[%clk 1:25:32]} 16. f5 {[%clk 1:22:02]} exf5
{[%clk 1:22:32]} 17. Nd5 {[%clk 1:15:35]} Qd8 {[%clk 1:22:10]} 18. exf5
{[%clk 1:12:09]} gxf5 {[%clk 1:18:45]} 19. Qxf5 {[%clk 1:02:28]} Nce5
{[%clk 1:16:47]} 20. Bg2 {[%clk 0:55:40]} Bc6 {[%clk 1:05:00]} 21. Nd4
{[%clk 0:46:15]} Ba8 {[%clk 0:55:51]} 22. Rge1 {[%clk 0:30:40]} O-O
{[%clk 0:53:57]} 23. h4 {[%clk 0:25:42]} Nc5 {[%clk 0:18:22]} 24. Qxc8
{[%clk 0:17:30]} Ncd3+ {[%clk 0:03:18]} 25. Kb1 {[%clk 0:17:17]} Qxc8
{[%clk 0:01:11]} 26. Nxe7+ {[%clk 0:17:37]} Kh8 {[%clk 0:00:43]} 27. Nxc8
{[%clk 0:18:03]} Nxe1 {[%clk 0:00:39]} 28. Rxe1 {[%clk 0:18:25]} Rxc8
{[%clk 0:00:32]} 29. Bxa8 {[%clk 0:18:49]} Rxa8 {[%clk 0:00:43]} 30. Nf5
{[%clk 0:18:39]} Nc4 {[%clk 0:00:38]} 31. Bd4+ {[%clk 0:17:27]} Kg8
{[%clk 0:01:06]} 32. Bc3 {[%clk 0:17:01]} a5 {[%clk 0:00:35]} 33. Re7
{[%clk 0:16:36]} Rd8 {[%clk 0:00:32]} 34. Nh6+ {[%clk 0:16:48]} Kf8
{[%clk 0:00:59]} 35. Rxf7+ {[%clk 0:17:11]} Ke8 {[%clk 0:01:16]} 36. Rxh7
{[%clk 0:17:33]} b4 {[%clk 0:00:33]} 37. Rh8+ {[%clk 0:17:54]} Ke7
{[%clk 0:01:02]} 38. Rxd8 {[%clk 0:18:15]} Kxd8 {[%clk 0:01:16]} 39. Bf6+
{[%clk 0:18:19]} Kd7 {[%clk 0:00:45]} 40. g6 {[%clk 0:18:42]} Nd2+
{[%clk 0:00:43]} 41. Kc1 {[%clk 0:19:05]} Ne4 {[%clk 0:00:32]} 42. Bd4
{[%clk 0:19:33]} bxa3 {[%clk 0:00:38]} 43. bxa3 {[%clk 0:20:01]} Ng3
{[%clk 0:00:40]} 44. g7 {[%clk 0:19:52]} Ne2+ {[%clk 0:00:37]} 45. Kd1
{[%clk 0:20:13]} Nxd4 {[%clk 0:00:47]} 46. g8=Q {[%clk 0:20:38]} Nb5
{[%clk 0:00:34]} 47. Qf7+ {[%clk 0:20:41]} Kc6 {[%clk 0:01:03]} 48. Qc4+
{[%clk 0:20:56]} Kb6 {[%clk 0:01:05]} 49. a4 {[%clk 0:21:17]} Nc7
{[%clk 0:00:39]} 50. Nf5 {[%clk 0:21:42]} d5 {[%clk 0:00:31]} 51. Qxc7+
{[%clk 0:21:45]} Kxc7 {[%clk 0:00:39]} 52. h5 {[%clk 0:22:12]} Kc6
{[%clk 0:00:32]} 53. h6 {[%clk 0:22:39]} Kd7 {[%clk 0:00:36]} 54. h7
{[%clk 0:23:05]} Ke6 {[%clk 0:00:52]} 55. h8=Q {[%clk 0:23:13]} Kxf5
{[%clk 0:01:00]} 56. Qe8 {[%clk 0:23:40]} d4 {[%clk 0:00:40]} 57. Qe7
{[%clk 0:24:07]} Kf4 {[%clk 0:00:53]} 58. Qe6 {[%clk 0:24:32]} d3
{[%clk 0:00:37]} 59. cxd3 {[%clk 0:24:57]} Kf3 {[%clk 0:00:58]} 60. Qe4+
{[%clk 0:25:21]} Kg3 {[%clk 0:01:19]} 61. Qf5 {[%clk 0:25:40]} Kg2
{[%clk 0:00:35]} 62. Qf4 {[%clk 0:26:03]} Kg1 {[%clk 0:00:45]} 63. Qf3
{[%clk 0:26:28]} Kh2 {[%clk 0:00:57]} 64. Qg4 {[%clk 0:26:56]} Kh1
{[%clk 0:01:17]} 65. Ke2 {[%clk 0:27:23]} Kh2 {[%clk 0:01:41]} 66. Kf2
{[%clk 0:27:50]} Kh1 {[%clk 0:01:57]} 67. Qg2# {[%clk 0:28:15]} 1-0

[Event "Eliminacje Miedzywojewodzkie MA-WM C13"]
[Site "Brok"]
[Date "2022.09.16"]
[Round "9.3"]
[White "Urych, Krzysztof"]
[Black "Rajlich, Vaclav"]
[Result "1-0"]
[BlackElo "1289"]
[WhiteElo "1328"]
[LiveChessVersion "1.4.8"]

1. d4 {[%clk 1:30:59]} Nf6 {[%clk 1:30:55]} 2. c4 {[%clk 1:31:26]} g6
{[%clk 1:31:13]} 3. Nc3 {[%clk 1:31:52]} Bg7 {[%clk 1:31:26]} 4. e4
{[%clk 1:32:17]} d6 {[%clk 1:31:53]} 5. Nf3 {[%clk 1:32:43]} O-O {[%clk 1:32:08]}
6. Be2 {[%clk 1:33:10]} e5 {[%clk 1:32:27]} 7. O-O {[%clk 1:33:32]} Nc6
{[%clk 1:32:53]} 8. dxe5 {[%clk 1:33:50]} dxe5 {[%clk 1:32:58]} 9. Bg5
{[%clk 1:34:13]} Be6 {[%clk 1:23:16]} 10. Qxd8 {[%clk 1:34:31]} Raxd8
{[%clk 1:23:17]} 11. Nd5 {[%clk 1:31:09]} Bxd5 {[%clk 1:22:03]} 12. cxd5
{[%clk 1:31:25]} Nb4 {[%clk 1:20:35]} 13. Nxe5 {[%clk 0:55:52]} Rfe8
{[%clk 1:14:17]} 14. Ng4 {[%clk 0:52:16]} Nxe4 {[%clk 1:10:53]} 15. Bxd8
{[%clk 0:52:30]} Rxd8 {[%clk 1:11:14]} 16. Rfd1 {[%clk 0:34:18]} Rxd5
{[%clk 1:04:36]} 17. Rxd5 {[%clk 0:34:15]} Nxd5 {[%clk 1:04:57]} 18. Bf3
{[%clk 0:32:01]} f5 {[%clk 1:03:24]} 19. Bxe4 {[%clk 0:29:57]} fxe4
{[%clk 1:03:38]} 20. Rd1 {[%clk 0:29:51]} c6 {[%clk 1:03:05]} 21. b3
{[%clk 0:24:49]} Kf7 {[%clk 1:01:23]} 22. Ne3 {[%clk 0:22:28]} Ke6
{[%clk 0:59:59]} 23. Nxd5 {[%clk 0:20:01]} cxd5 {[%clk 1:00:16]} 24. f3
{[%clk 0:20:24]} e3 {[%clk 0:50:48]} 25. Kf1 {[%clk 0:20:42]} d4 {[%clk 0:51:04]}
26. Ke2 {[%clk 0:21:02]} Kd5 {[%clk 0:50:50]} 27. Rc1 {[%clk 0:20:35]} Be5
{[%clk 0:51:00]} 28. Kd3 {[%clk 0:18:39]} b5 {[%clk 0:49:16]} 29. g3
{[%clk 0:15:10]} g5 {[%clk 0:47:55]} 30. Rc8 {[%clk 0:14:52]} h5 {[%clk 0:45:17]}
31. Ra8 {[%clk 0:12:38]} h4 {[%clk 0:44:29]} 32. gxh4 {[%clk 0:12:17]} gxh4
{[%clk 0:44:45]} 33. h3 {[%clk 0:09:51]} Bd6 {[%clk 0:42:41]} 34. Rxa7
{[%clk 0:09:53]} Ke6 {[%clk 0:41:27]} 35. a4 {[%clk 0:06:54]} bxa4
{[%clk 0:38:45]} 36. bxa4 Kd5 {[%clk 0:36:12]} 37. Rd7 {[%clk 0:03:31]} Kc6
{[%clk 0:36:31]} 38. Rxd6+ {[%clk 0:03:42]} 1-0

[Event "Eliminacje Miedzywojewodzkie MA-WM C13"]
[Site "Brok"]
[Date "2022.09.16"]
[Round "9.4"]
[White "Dobosiewicz, Dawid"]
[Black "Przybylski, Jan"]
[Result "1-0"]
[BlackElo "1704"]
[WhiteElo "1730"]
[LiveChessVersion "1.4.8"]

1. d4 {[%clk 1:30:30]} d5 {[%clk 1:30:32]} 2. c4 {[%clk 1:30:39]} e6
{[%clk 1:30:50]} 3. Nc3 {[%clk 1:30:53]} Nf6 {[%clk 1:31:10]} 4. cxd5
{[%clk 1:31:08]} exd5 {[%clk 1:31:28]} 5. Bg5 {[%clk 1:31:30]} Be7
{[%clk 1:31:48]} 6. e3 {[%clk 1:31:48]} c6 {[%clk 1:31:57]} 7. Qc2
{[%clk 1:29:53]} h6 {[%clk 1:29:00]} 8. Bh4 {[%clk 1:29:52]} Nbd7
{[%clk 1:28:40]} 9. Bd3 {[%clk 1:29:32]} O-O {[%clk 1:27:43]} 10. Nge2
{[%clk 1:29:47]} Re8 {[%clk 1:26:46]} 11. O-O {[%clk 1:28:07]} b6
{[%clk 1:20:44]} 12. Rab1 {[%clk 1:24:45]} a5 {[%clk 1:15:34]} 13. a3
{[%clk 1:19:25]} Bb7 {[%clk 1:12:46]} 14. b4 {[%clk 1:18:12]} axb4
{[%clk 1:03:57]} 15. axb4 {[%clk 1:18:14]} Nh5 {[%clk 0:57:35]} 16. Bxe7
{[%clk 1:16:25]} Qxe7 {[%clk 0:56:57]} 17. Qb3 {[%clk 1:15:24]} Nhf6
{[%clk 0:54:47]} 18. Ra1 {[%clk 1:14:42]} b5 {[%clk 0:44:05]} 19. Ng3
{[%clk 1:14:48]} Nb6 {[%clk 0:42:33]} 20. h3 {[%clk 1:04:53]} Nc4
{[%clk 0:37:03]} 21. Bxc4 {[%clk 1:03:47]} dxc4 {[%clk 0:32:31]} 22. Qb2
{[%clk 1:04:08]} Nd5 {[%clk 0:32:39]} 23. Nxd5 {[%clk 1:03:34]} cxd5
{[%clk 0:32:59]} 24. Ne2 {[%clk 1:03:53]} Bc6 {[%clk 0:29:33]} 25. Nc3
{[%clk 1:04:15]} h5 {[%clk 0:23:21]} 26. Rfe1 {[%clk 1:04:29]} Qd6
{[%clk 0:21:47]} 27. e4 {[%clk 1:01:33]} Rxa1 {[%clk 0:18:46]} 28. Rxa1
{[%clk 1:00:28]} dxe4 {[%clk 0:18:43]} 29. Ra6 {[%clk 0:58:36]} Qd7
{[%clk 0:15:18]} 30. Qd2 {[%clk 0:56:19]} Rd8 {[%clk 0:13:52]} 31. Qg5
{[%clk 0:55:39]} f6 {[%clk 0:12:27]} 32. Qc5 {[%clk 0:54:20]} Rc8
{[%clk 0:08:12]} 33. Ra7 {[%clk 0:54:13]} Qe8 {[%clk 0:07:15]} 34. d5
{[%clk 0:53:08]} Bd7 {[%clk 0:07:13]} 35. Qd4 {[%clk 0:52:20]} Ra8
{[%clk 0:06:57]} 36. Rxa8 {[%clk 0:51:22]} Qxa8 {[%clk 0:07:24]} 37. Nxe4
{[%clk 0:51:46]} Qa2 {[%clk 0:06:22]} 38. d6 {[%clk 0:51:02]} Qb1+
{[%clk 0:05:02]} 39. Kh2 {[%clk 0:51:28]} Qxb4 {[%clk 0:05:22]} 40. Qd5+
{[%clk 0:51:34]} Kf8 {[%clk 0:04:23]} 41. Nc5 {[%clk 0:51:47]} Qe1
{[%clk 0:01:33]} 42. Nxd7+ {[%clk 0:52:12]} Ke8 {[%clk 0:02:03]} 43. Qc6
{[%clk 0:52:29]} Qxf2 {[%clk 0:01:11]} 44. Ne5+ {[%clk 0:52:51]} 1-0